The biosynthesis and biomimetic synthesis of natural products /
Saved in:
| Main Author: | |
|---|---|
| Format: | Thesis Book |
| Language: | English |
| Published: |
1989.
|
| Subjects: | |
| Tags: |
Add Tag
No Tags, Be the first to tag this record!
|
| LEADER | 00781cam a2200253 a 4500 | ||
|---|---|---|---|
| 001 | u93585 | ||
| 003 | SIRSI | ||
| 008 | 910606s1989 si v 00 1 eng m | ||
| 035 | |a AAK-2217 | ||
| 040 | |a UMM | ||
| 049 | |a msa | ||
| 090 | |a QD415 |b Ben | ||
| 100 | 1 | 0 | |a Bennett, Graham John. |
| 245 | 1 | 4 | |a The biosynthesis and biomimetic synthesis of natural products / |c Graham John Bennett. |
| 260 | 1 | |c 1989. | |
| 300 | |a 287 leaves ; |c 30 cm. | ||
| 500 | |a Photocopy. | ||
| 502 | |a Thesis (Ph.D.) -- National University of Singapore, 1989. | ||
| 504 | |a Includes bibliographical references. | ||
| 650 | 0 | |a Natural products |x Synthesis. | |
| 650 | 0 | |a Biosynthesis. | |
| 948 | |a 13/08/1991 |b 08/01/1992 | ||
| 596 | |a 1 | ||
| 999 | |a F QD415 BEN |w LC |c 1 |i A010891600 |l STACKS |m P01UTAMA |r Y |s Y |t TESIS |u 8/1/1992 | ||
